000 00510nam a2200181Ia 4500
003 IN-BaIIA
008 211028s9999 xx 000 0 eng d
040 _cIIA Library
080 _a523.94
_bGIB
100 _aGibson, George E
_97803
245 4 _aThe Quiet sun
_cGeorge E. Gibson
260 _aWashington
_bNational Aeronautics and Space Administration
_c1973
300 _axvii, 330p.
650 _aAstronomy and Astrophysics Thesaurus
650 _aSolar Space
_97804
650 _aSun
_91200
942 _cBK
999 _c4470
_d4470